Bharatiya rajnitir parichay (Minor2)/ (Record no. 12304)

MARC details
000 -LEADER
fixed length control field 00631nam a22002177a 4500
005 - DATE AND TIME OF LATEST TRANSACTION
control field 20260203074314.0
008 - FIXED-LENGTH DATA ELEMENTS--GENERAL INFORMATION
fixed length control field 260202b |||||||| |||| 00| 0 eng d
020 ## - INTERNATIONAL STANDARD BOOK NUMBER
International Standard Book Number 9788119679232
040 ## - CATALOGING SOURCE
Original cataloging agency IN-DiNC
Transcribing agency IN-DiNC
041 ## - LANGUAGE CODE
Language code of sung or spoken text Assamese
082 ## - DEWEY DECIMAL CLASSIFICATION NUMBER
Classification number 320.954
Item number GOH
100 ## - MAIN ENTRY--PERSONAL NAME
Personal name Gohain, Nabin
Relator term Author
245 ## - TITLE STATEMENT
Title Bharatiya rajnitir parichay (Minor2)/
Statement of responsibility, etc. by Nabin Gohain, Pankaj Bora and Pranjit Saikia
250 ## - EDITION STATEMENT
Edition statement 1st ed.
260 ## - PUBLICATION, DISTRIBUTION, ETC.
Place of publication, distribution, etc. Jorhat:
Name of publisher, distributor, etc. Bidya bhawan,
Date of publication, distribution, etc. 2024.
300 ## - PHYSICAL DESCRIPTION
Extent 324p.
650 ## - SUBJECT ADDED ENTRY--TOPICAL TERM
Topical term or geographic name entry element Introduction to Indian politics
700 ## - ADDED ENTRY--PERSONAL NAME
Personal name Bora, Pankaj
Relator term Author
700 ## - ADDED ENTRY--PERSONAL NAME
Personal name Saikia, Pranjit
Relator term Author
942 ## - ADDED ENTRY ELEMENTS (KOHA)
Source of classification or shelving scheme Dewey Decimal Classification
Koha item type Books
Holdings
Withdrawn status Lost status Source of classification or shelving scheme Damaged status Not for loan Collection code Home library Current library Shelving location Date acquired Cost, normal purchase price Total Checkouts Full call number Barcode Date last seen Copy number Price effective from Koha item type Date due Date last checked out
    Dewey Decimal Classification     Political Science Central Library, Naharkatiya College Central Library, Naharkatiya College General Stacks 02/02/2026 280.00   320.954 GOH 31167 02/02/2026 1 02/02/2026 Books    
    Dewey Decimal Classification     Political Science Central Library, Naharkatiya College Central Library, Naharkatiya College General Stacks 16/03/2026 300.00 1 320.954 GOH 31208 30/03/2026 2 16/03/2026 Books 23/04/2026 30/03/2026
    Dewey Decimal Classification     Political Science Central Library, Naharkatiya College Central Library, Naharkatiya College General Stacks 16/03/2026 300.00   320.954 GOH 31209 16/03/2026 3 16/03/2026 Books    
    Dewey Decimal Classification     Political Science Central Library, Naharkatiya College Central Library, Naharkatiya College General Stacks 16/03/2026 300.00   320.954 GOH 31210 16/03/2026 4 16/03/2026 Books    
    Dewey Decimal Classification     Political Science Central Library, Naharkatiya College Central Library, Naharkatiya College General Stacks 16/03/2026 300.00   320.954 GOH 31211 16/03/2026 5 16/03/2026 Books    
    Dewey Decimal Classification     Political Science Central Library, Naharkatiya College Central Library, Naharkatiya College General Stacks 16/03/2026 300.00 1 320.954 GOH 31212 30/03/2026 6 16/03/2026 Books 23/04/2026 30/03/2026

Naharkatiya College © 2020. All rights reserved.

Powered By